000 00475nam a2200133Ia 4500
008 100328s9999 xx 000 0 und d
082 _b61472
100 _aवाटवे मालती कृष्ण.
245 _aनामयाची अमृतवाणी.
260 _bमानव गौरव प्रतिान.
630 _aनामयाची अमृतवाणी.
730 _aनामयाची अमृतवाणी.
942 _cBOOK
999 _c547559
_d547556